Informationsbrief

Saved in:  
Bibliographic Details
Corporate Author: Deutsche Gesellschaft für Soziologie. VerfasserIn (Author)
Format: Electronic Journal
Language:German
Published: Köln Arbeitskreis für Rechtssoziologie 1972-1976
In:Year: 1972
Online Access: Volltext (Digitalisierung)
Volltext (Frontdoor-Url)
Check availability: HBZ Gateway
Subito Delivery Service: Order now.
Keywords:
Parallel Edition:Non-electronic

MARC

LEADER 00000cas a2200000 c 4500
001 598190155
003 DE-627
005 20260223113813.0
007 cr m| 001aaaba
008 090423d19721976gw z| p|o 0 |0ger c
016 7 |a 993837387  |2 DE-101 
016 7 |a 2491707-2  |2 DE-600 
022 |a 2192-1784 
035 |a (DE-627)598190155 
035 |a (DE-603)211895431 
035 |a (DE-576)346019583 
035 |a (DE-599)ZDB2491707-2 
035 |a (OCoLC)1368475529 
040 |a DE-627  |b ger  |c DE-627  |e rakwb 
041 |a ger 
044 |c XA-DE 
082 0 4 |a 340  |q DE-600 
084 |a 2  |2 ssgn 
084 |a 2,1  |2 ssgn 
084 |a INTRECHT  |q DE-1a  |2 fid 
110 2 |a Deutsche Gesellschaft für Soziologie  |b Sektion für Rechtssoziologie  |e VerfasserIn  |0 (DE-588)64238-1  |0 (DE-627)101359519  |0 (DE-576)190462531  |4 aut 
245 1 0 |a Informationsbrief  |c hrsg. im Auftr. d. Sektion Rechtssoziologie in der Deutschen Gesellschaft für Soziologie 
247 1 0 |a Informationsbrief der Sektion Rechtssoziologie in der Deutschen Gesellschaft für Soziologie  |f Hauptsacht. teils 
264 3 1 |a Köln  |b Arbeitskreis für Rechtssoziologie  |c 1972-1976 
300 |a Online-Ressource 
336 |a Text  |b txt  |2 rdacontent 
337 |a Computermedien  |b c  |2 rdamedia 
338 |a Online-Ressource  |b cr  |2 rdacarrier 
362 0 |a Nr. 1.1972 - 12.1976 
363 0 0 |a 1  |i 1972 
363 1 0 |i 1976  |a 12 
530 |a Digital. Ausg.: Göttingen : DigiZeitschriften e.V., ca. 2011 
533 |a Reproduktion  |n Digital. Ausg.: Göttingen : DigiZeitschriften e.V., ca. 2011 
533 |a Digital. Ausg.  |b Göttingen  |c Digizeitschriften e.V.  |f DigiZeitschriften  |7 c2011uuuu|||||| 
655 7 |a Zeitschrift  |0 (DE-588)4067488-5  |0 (DE-627)10454466X  |0 (DE-576)20917000X  |2 gnd-content 
776 1 |x 2192-1784 
776 0 8 |i Elektronische Reproduktion von  |a Deutsche Gesellschaft für Soziologie. Sektion für Rechtssoziologie  |t Informationsbrief / hrsg. im Auftr. d. Sektion Rechtssoziologie in der Deutschen Gesellschaft für Soziologie  |d Köln : Arbeitskreis für Rechtssoziologie, 1972  |w (DE-627)167469517  |w (DE-600)530215-8  |w (DE-576)015738493  |x 2192-1784  |k Non-Electronic 
856 4 0 |u https://resolver.sub.uni-goettingen.de/purl?PPN598190155  |x Digitalisierung  |7 1 
856 4 0 |u https://ezb.ur.de/?2491707-2  |x Frontdoor-Url  |7 1 
935 |h SWB  |i ld 
951 |a JT 
ELC |a 1 
ORI |a WA-MARC-krimdok_oa001.raw